L'Egypte, passion francaise /

محفوظ في:

المؤلف الرئيسي: Solé, Robert (مؤلف)

التنسيق: كتاب

اللغة: English

الموضوعات:

الوسوم: إضافة وسم

لا توجد وسوم, كن أول من يضع وسما على هذه التسجيلة!

رقم الطلب: DT72 .F7 S65 1997

LEADER 00882namaa2200265 4500
001 13389
003 OSt
005 20210628065003.0
008 130303s1997 fr a e b 001 0 eng d
952 |0 0  |1 0  |2 lcc  |4 0  |6 DT0072 F7 S65 01997  |7 1  |9 16572  |a ARCE  |b ARCE  |d 2021-06-28  |l 0  |o DT72 .F7 S65 1997  |p 1008905  |r 2021-06-28 00:00:00  |w 2021-06-28  |y BK 
999 |c 13284  |d 13284 
020 |a 2020281449 
040 |c ARCE Library 
041 0 |a f-ua---  |a e-fr---  
050 0 4 |a DT72 .F7 S65 1997 
100 1 |a Solé, Robert,  |e author 
245 1 2 |a L'Egypte, passion francaise /  |c Robert Sole. 
264 1 |a Paris :  |b Seuil,  |c 1997 
300 |a 409 pages :  |b illustrations ;  |c 24 cm. 
500 |a Includes bibliographical references (pages 391-[400]) and index. 
651 0 |a Egypt  |x Relations  |z France 
651 0 |a France  |x Relations  |z Egypt. 
651 0 |a French  |z Egypt. 
901 |a reviewed 
942 |c BK  |2 lcc